| 000 | 00654nam a22002057a 4500 | ||
|---|---|---|---|
| 005 | 2010080608278.0 | ||
| 010 | _aENG-98693 | ||
| 020 |
_a9788189840693 _c30.00 |
||
| 035 | _aEN-82225 | ||
| 037 | _bDBAD/PUB | ||
| 082 | _a485 | ||
| 100 |
_aGeetha, B.J. _97942 |
||
| 245 |
_aEnrich your english / _cby B.J.Geetha |
||
| 260 |
_aErode _bPallavi Pathippagam S.India _c2008 |
||
| 270 |
_a194, Kanna Complex, Mettur Road _bErode _e11 |
||
| 300 |
_a68p. _c20cm (pbk) |
||
| 650 |
_aEnglish grammar _97943 |
||
| 942 |
_2ddc _cEN _h485 _mGEE |
||
| 999 |
_c39864 _d39864 |
||